Enhancing insurance risk models with Traffic Violation Analysis / (Record no. 234609)

MARC details
000 -LEADER
fixed length control field 00585nam a22001697a 4500
003 - CONTROL NUMBER IDENTIFIER
control field OSt
005 - DATE AND TIME OF LATEST TRANSACTION
control field 20250710112957.0
008 - FIXED-LENGTH DATA ELEMENTS--GENERAL INFORMATION
fixed length control field 250710b |||||||| |||| 00| 0 eng d
040 ## - CATALOGING SOURCE
Transcribing agency AIMIT LIBRARY
100 ## - MAIN ENTRY--PERSONAL NAME
Personal name K S, Leesha.
Relator term 222113
9 (RLIN) 218011
245 ## - TITLE STATEMENT
Title Enhancing insurance risk models with Traffic Violation Analysis /
Statement of responsibility, etc. By Leesha K S.
260 ## - PUBLICATION, DISTRIBUTION, ETC.
Place of publication, distribution, etc. Mangalore ;
Date of publication, distribution, etc. 2024.
700 ## - ADDED ENTRY--PERSONAL NAME
Personal name T, Vanitha.
Relator term Mentor
9 (RLIN) 218012
700 ## - ADDED ENTRY--PERSONAL NAME
Personal name Hemalatha.
Relator term Guide
9 (RLIN) 218013
856 ## - ELECTRONIC LOCATION AND ACCESS
Materials specified CMS Computers Limited Kaycee Industries Compound Bhandup, Mumbai, Maharashtra /
Uniform Resource Identifier <a href="www.ems.co.in">www.ems.co.in</a>
942 ## - ADDED ENTRY ELEMENTS (KOHA)
Source of classification or shelving scheme Dewey Decimal Classification
Koha item type Project Report
Holdings
Withdrawn status Lost status Source of classification or shelving scheme Damaged status Not for loan Collection code Home library Current library Date acquired Total Checkouts Barcode Date last seen Copy number Uniform Resource Identifier Price effective from Koha item type
    Dewey Decimal Classification   Not for loan Project Report M.Sc. Data Science St Aloysius Institute of Management & Information Technology St Aloysius Institute of Management & Information Technology 08/01/2024   PDS00013 07/10/2025 222113 www.ems.co.in 07/10/2025 Project Report